| 000 | 01432nam a2200337 i 4500 | ||
|---|---|---|---|
| 003 | EG-ScBUE | ||
| 005 | 20240130130230.0 | ||
| 008 | 111129s2005 ua f b 000 0 ara d | ||
| 017 | _a2004 / 21001 | ||
| 040 |
_aEG-ScBUE _bara _erda _cEG-ScBUE _dEG-ScBUE |
||
| 041 | 1 |
_aara _heng |
|
| 043 | _an-us--- | ||
| 082 | 0 | 4 |
_222 _a973 _bز ن ت |
| 100 | 1 |
_927932 _aزن، هوارد، _d1922-2010، _eمؤلف. |
|
| 240 | 1 |
_aPeaple's history of the United States 1492-present. _lArabic |
|
| 245 | 1 | 2 |
_aالتاريخ الشعبي للولايات المتحدة من 1492. _nالجزء الثاني / _cتأليف هوارد زن ؛ ترجمة شعبان مكاوي. |
| 250 | _aالطبعة الأولى. | ||
| 264 | 1 |
_aالقاهرة : _bالمجلس الأعلى للثقافة، _c2005. |
|
| 300 |
_a443 صفحة ؛ _c24 سم. |
||
| 336 |
_2rdacontent _aنص _btxt |
||
| 337 |
_aبدون وسيط _2rdamedia _bn |
||
| 338 |
_aمجلد _bnc _2rdacarrier |
||
| 490 | 0 |
_aالمشروع القومي للترجمة ؛ _v794 |
|
| 504 | _aيشتمل علي إرجاعات ببليوجرافية. | ||
| 546 | _aالنص باللغة العربية وتم ترجمته من اللغة الإنجليزية. | ||
| 651 | 7 |
_925204 _aالولايات المتحدة الأمريكية _yتاريخ. _2BUEsh |
|
| 653 | _cNovember2011 | ||
| 655 | _vReading book | ||
| 700 | 1 |
_927933 _aمكاوي، شعبان، _eمترجم. |
|
| 942 |
_2ddc _cBB |
||
| 999 |
_c16274 _d16274 |
||